000 nam a22 7a 4500
999 _c95270
_d95269
005 20180606184806.0
008 180606b ||||| |||| 00| 0 eng d
080 _a54(048.1)(05)
_bCHE.113/652
110 _aThe American Chemical Society
245 _aChemical Abstracts
260 _aOhio
_bAmerican chemical Society
_c1990
653 _aChemistry-Journal
942 _cBV